000
00328 a2200133 4500
001
194785
040
_c
Magnum
100
_a
Almeida, Manuel Antônio de
240
1
0
_a
Memórias de um sargento de milícias
_l
por
245
1
0
_a
Memórias de um sargento de milícias
300
_a
110
697
_a
LITERATURA GERAL
942
_c
BK
999
_c
194785
_d
194785